Lịch sử kháng chiến chống Mỹ, cứu nước 1954 - 1975

Tập VII Lịch sử kháng chiến chống Mỹ, cứu nước (1954-1975) do PGS, TS. Hồ Khang chủ biên mang tiêu đề Thắng lợi quyết định năm 1972 đã trình bày khá chi tiết và tương đối đầy đủ ở tầm khái quát cuộc chiến đấu hào hùng của quân và dân ta...

पूर्ण विवरण

में बचाया:
ग्रंथसूची विवरण
स्वरूप: पुस्तक
भाषा:Undetermined
प्रकाशित: Hà Nội Chính trị Quốc gia - Sự thật 2015
विषय:
टैग : टैग जोड़ें
कोई टैग नहीं, इस रिकॉर्ड को टैग करने वाले पहले व्यक्ति बनें!
Thư viện lưu trữ: Trung tâm Học liệu Trường Đại học Cần Thơ
LEADER 01238nam a2200217Ia 4500
001 CTU_207059
008 210402s9999 xx 000 0 und d
020 |c 117000 
082 |a 959.7043 
082 |b L302/T.7 
245 0 |a Lịch sử kháng chiến chống Mỹ, cứu nước 1954 - 1975 
245 0 |c Hồ Khang chủ biên 
260 |a Hà Nội 
260 |b Chính trị Quốc gia - Sự thật 
260 |c 2015 
520 |a Tập VII Lịch sử kháng chiến chống Mỹ, cứu nước (1954-1975) do PGS, TS. Hồ Khang chủ biên mang tiêu đề Thắng lợi quyết định năm 1972 đã trình bày khá chi tiết và tương đối đầy đủ ở tầm khái quát cuộc chiến đấu hào hùng của quân và dân ta trên cả hai miền Nam - Bắc và chiến trường Đông Dương, cả trên mặt trận quân sự, chính trị và ngoại giao. 
650 |a Chiến tranh Việt Nam,Việt Nam,Vietnam war,Việt Nam 
650 |x History,Lịch sử 
650 |y 1954-1975,1954-1975 
904 |i Tuyến 
980 |a Trung tâm Học liệu Trường Đại học Cần Thơ